000 00658nam a2200253Ia 4500
003 OSt
005 20221006144847.0
006 a|||||r|||| 00| 0
007 ta
008 221006b |||||||| |||| 00| 0 eng d
020 _a0813310474
_c567.00
024 _a12,971
037 _cTextual
040 _aEASL
_cEASL
_beng
041 _2eng
_aeng
082 _aV41:5.N89, N0
100 _aCHENG Chu-Yuan
_9266243
245 0 _aBehind the Tianamen massacre
260 _aBoulder
_bWestview Press
_c1990
300 _a256p.
_ccm.
490 _v CEL
942 _hV41:5.N89, N0
_cTEXL
_2CC
999 _c1081057
_d1081057